000 01685ngm a22004450a 4500
001 PT50888
003 AR-LpoUNG
005 20210202000040.0
007 vd cvaizq
008 191001s2007||||ag |||||||||||||||||ita d
037 _c$3,50
040 _aAR-LpoUNG
_bspa
_cAR-LpoUNG
_eaacr
041 _aita
_aspa
044 _aag
082 0 _a945.091 546v1
100 1 _aBertolucci, Bernardo
_edir.
245 1 0 _a1900 :
_bNovecento
260 _aBuenos Aires :
_bNuevo Siglo,
_c2007.
300 _aDVD (144 min.) : son., col.
505 0 _aHecha en 1976. Guión: Franco Arcalli, Giuseppe Bertolucci, Bernardo Bertolucci. Música: Ennio Morricone. Fotografía: Vittorio Storaro. Intérpretes: Gerard Depardieu, Robert De Niro, Dominique Sanda, Stefania Sandrelli, Donald Sutherland, Burt Lancaster. Coproducción Italia, Francia, Alemania. Subtítulos en español. Extras: trailer, documentales de producción, fichas y filmografías, selección de escenas.
520 _aEsta primera parte relata todos los sucesos en Italia desde 1900 hasta después de la primera Guerra Mundial cuando Olmo vuelve del frente y comienza a luchar para ganar una mejor participación para los suyos en las cosechas.
650 4 _aANALISIS HISTORICO
650 4 _aDRAMA
650 4 _aHISTORIA POLITICA
650 4 _aHISTORIA SOCIAL
650 4 _aITALIA
650 4 _aPROBLEMAS SOCIALES
650 4 _aRELACIONES HUMANAS
650 4 _aSISTEMAS POLITICOS
650 4 _aSOCIEDAD
651 4 _aItalia
653 _aBELICO
653 _aCINE ITALIANO
653 _aDVD
653 _aFASCISMO
653 _aROMANTICA
653 _aVIDEOS
905 _a50888
942 _cDVD
999 _c54029
_d54029